The blind men and the elephant / (Record no. 4335)

MARC details
000 -LEADER
fixed length control field 01210cam a2200373 a 4500
001 - CONTROL NUMBER
control field 4335
003 - CONTROL NUMBER IDENTIFIER
control field FISKH
005 - DATE AND TIME OF LATEST TRANSACTION
control field 20260226135254.0
008 - FIXED-LENGTH DATA ELEMENTS--GENERAL INFORMATION
fixed length control field 911106s1992 nyua j 000 0 eng
010 ## - LIBRARY OF CONGRESS CONTROL NUMBER
LC control number 91043076
020 ## - INTERNATIONAL STANDARD BOOK NUMBER
International Standard Book Number 0590458132 :
020 ## - INTERNATIONAL STANDARD BOOK NUMBER
International Standard Book Number 9780590458139
040 ## - CATALOGING SOURCE
Original cataloging agency DLC
Transcribing agency DLC
Modifying agency DLC
Language of cataloging eng
050 ## - LIBRARY OF CONGRESS CALL NUMBER
Classification number PZ8.B13
082 ## - DEWEY DECIMAL CLASSIFICATION NUMBER
Classification number 398.210954
100 1# - MAIN ENTRY--PERSONAL NAME
Personal name Backstein, Karen.
245 14 - TITLE STATEMENT
Title The blind men and the elephant /
Statement of responsibility, etc. retold by Karen Backstein ; illustrated by Annie Mitra.
260 ## - PUBLICATION, DISTRIBUTION, ETC.
Place of publication, distribution, etc. New York :
Name of publisher, distributor, etc. Scholastic,
Date of publication, distribution, etc. 1992.
300 ## - PHYSICAL DESCRIPTION
Extent 46 unnumbered pages :
Other physical details color illustrations ;
Dimensions 23 cm
440 #0 - SERIES STATEMENT/ADDED ENTRY--TITLE
Title Hello reader!
Number of part/section of a work Level 3
500 ## - GENERAL NOTE
General note "Cartwheel Books."
500 ## - GENERAL NOTE
General note "Grades 1 & 2."--Cover.
505 ## - FORMATTED CONTENTS NOTE
Formatted contents note J<br/>
520 ## - SUMMARY, ETC.
Summary, etc. A retelling of the fable from India about six blind men who each get a limited understanding of what an elephant is by feeling only one part of it.
521 8# - TARGET AUDIENCE NOTE
Target audience note 470<br/>
Source Lexile<br/>
521 8# - TARGET AUDIENCE NOTE
Target audience note J<br/>
Source Raz-Plus<br/>
650 #1 - SUBJECT ADDED ENTRY--TOPICAL TERM
Topical term or geographic name entry element Fables.
650 #1 - SUBJECT ADDED ENTRY--TOPICAL TERM
Topical term or geographic name entry element Folklore
Geographic subdivision India.
650 #1 - SUBJECT ADDED ENTRY--TOPICAL TERM
Topical term or geographic name entry element Elephants
General subdivision Folklore.
700 1# - ADDED ENTRY--PERSONAL NAME
Personal name Mitra, Annie,
Relator term illustrator
906 ## - LOCAL DATA ELEMENT F, LDF (RLIN)
a 7
b cbc
c orignew
d 1
e ocip
f 19
g y-gencatlg
942 ## - ADDED ENTRY ELEMENTS (KOHA)
Source of classification or shelving scheme Dewey Decimal Classification
Koha item type Books
Suppress in OPAC No
Holdings
Withdrawn status Lost status Source of classification or shelving scheme Damaged status Not for loan Collection Home library Current library Shelving location Date acquired Total Checkouts Full call number Barcode Date last seen Copy number Price effective from Koha item type
    Dewey Decimal Classification     Juvenile Fiction Footprints International School Library Network Toul Kork Campus Footprints International School Library Network Toul Kork Campus TK Primary Library Room(4th Floor), Bookcase 1&2, Shelves 1-16, Dark Blue Books 07/22/2024   BAC 398.210954 PZ8.B13 FISTK00740 07/22/2024 1 07/22/2024 Books
    Dewey Decimal Classification     Juvenile Fiction Footprints International School Library Network Toul Tom Poung Campus Footprints International School Library Network Toul Tom Poung Campus TTP Primary Dark Blue Bookshelves 04/03/2025   BAC 398.210954 PZ8.B13 2025-0956 04/03/2025 2 04/03/2025 Books
    Dewey Decimal Classification     Juvenile Fiction Footprints International School Library Network Toul Tom Poung Campus Footprints International School Library Network Toul Tom Poung Campus TTP Primary Dark Blue Bookshelves 05/19/2025   BAC 398.210954 PZ8.B13 2025-1321 05/19/2025 3 05/19/2025 Books
    Dewey Decimal Classification     Juvenile Fiction Footprints International School Library Network Toul Tom Poung Campus Footprints International School Library Network Toul Tom Poung Campus TTP Primary Dark Blue Bookshelves 02/26/2026   BAC 398.210954 PZ8.B13 FISBK02770 02/26/2026 4 02/26/2026 Books